[Event "Le Kram BICA Rapid op 1st"]
[Site "Le Kram"]
[Date "2022.11.27"]
[Round "7"]
[White "Ben Ammar, Mohamed"]
[Black "Boukhriss, Mohamed Mehdi"]
[Result "1-0"]
[WhiteElo "2142"]
[BlackElo "1412"]
[PlyCount "136"]
[EventDate "2022.11.27"]
[EventType "swiss (rapid)"]
[EventRounds "9"]
[EventCountry "TUN"]
[SourceTitle "CBM 211 Extra"]
[Source "ChessBase"]
[SourceDate "2023.01.31"]
[SourceVersion "1"]
[SourceVersionDate "2023.01.31"]
[SourceQuality "1"]

1. d4 d5 2. c4 e6 3. Nc3 Nf6 4. cxd5 exd5 5. Bg5 Be7 6. e3 0-0 7. Nf3 Bg4 8. Bxf6 Bxf6 9. Qb3 Be6 10. Qxb7 Nd7 11. Qb3 Rb8 12. Qc2 c5 13. dxc5 Nxc5 14. Be2 Ne4 15. 0-0 Qc7 16. Rac1 Qb7 17. Na4 Rfc8 18. Qd3 Qb4 19. b3 Qa3 20. Rxc8+ Rxc8 21. Nd4 Qxa2 22. Nxe6 fxe6 23. Bg4 Re8 24. Qa6 Qxb3 25. Bxe6+ Kh8 26. Qxa7 h6 27. Bf7 Qb8 28. Qxb8 Rxb8 29. Bxd5 Nc3 30. Nxc3 Bxc3 31. g3 Rd8 32. Bc4 g5 33. h3 Kg7 34. Kg2 Rc8 35. Bd5 Rc5 36. Bf3 Bd2 37. Bh5 Rc2 38. Kf3 Kf6 39. Rb1 Rc6 40. Be8 Rd6 41. Rd1 Ke7 42. Bh5 Kf6 43. Bg4 Kg6 44. Ke2 Bb4 45. Rxd6+ Bxd6 46. Kd3 h5 47. Bd1 h4 48. gxh4 gxh4 49. Bg4 Kg5 50. Ke4 Bc5 51. f4+ Kf6 52. Kd3 Bd6 53. Ke4 Bc5 54. Kf3 Kg6 55. e4 Bd4 56. e5 Kg7 57. Ke4 Ba1 58. f5 Kf7 59. Bh5+ Kf8 60. f6 Bc3 61. Kf5 Be1 62. Ke4 Bb4 63. Kd5 Ba3 64. Bg6 Bb4 65. e6 Ba3 66. Kc6 Bb4 67. Kd7 Be7 68. fxe7+ Kg7 1-0

[Event "Francophonie-chT Rapid"]
[Site "Tornelo INT"]
[Date "2022.06.05"]
[Round "8.1"]
[White "Ben Ammar, Mohamed"]
[Black "Sambuev, Bator"]
[Result "0-1"]
[WhiteElo "2142"]
[BlackElo "2497"]
[PlyCount "136"]
[EventDate "2022.06.04"]
[EventType "team-swiss (rapid)"]
[EventRounds "11"]
[EventCountry "FRA"]
[SourceTitle "CBM 208 Extra"]
[Source "ChessBase"]
[SourceDate "2022.07.31"]
[SourceVersion "1"]
[SourceVersionDate "2022.07.31"]
[SourceQuality "1"]
[WhiteTeam "Tunisia II"]
[BlackTeam "Quebec"]
[WhiteTeamCountry "TUN"]
[BlackTeamCountry "CAN"]

1. d4 e6 2. c4 Bb4+ 3. Nc3 c5 4. e3 Ne7 5. Bd3 Nbc6 6. a3 Bxc3+ 7. bxc3 d6 8. Ne2 e5 9. f4 f5 10. fxe5 dxe5 11. 0-0 e4 12. Bc2 0-0 13. a4 b6 14. a5 Nxa5 15. Rxa5 bxa5 16. Ba3 Ba6 17. Bxc5 Bxc4 18. Bb3 Bf7 19. Nf4 Qd7 20. Bxf7+ Rxf7 21. Qb3 Re8 22. Ne6 Nd5 23. Ng5 Rf6 24. c4 h6 25. Nh3 Nb6 26. Nf4 Qa4 27. Qxa4 Nxa4 28. Bxa7 Ra6 29. Ra1 Nb2 30. Bc5 Nxc4 31. Kf2 Rb8 32. d5 Rb2+ 33. Kg3 a4 34. Rc1 a3 35. Bd4 Rb4 36. Ne6 a2 37. Nc5 Rg6+ 38. Kf2 Na3 39. Ra1 Nc2 40. Rxa2 Nxd4 41. exd4 Rxd4 42. Ne6 Rxd5 43. Nf4 Rgd6 44. Nxd5 Rxd5 45. g4 f4 46. Re2 Rd4 47. h4 g5 48. h5 Kf7 49. Ra2 Ke6 50. Ra6+ Rd6 51. Ra2 Ke5 52. Ra5+ Rd5 53. Ra6 Rd2+ 54. Ke1 Rg2 55. Rxh6 Rxg4 56. Rh8 Rh4 57. h6 Kd4 58. Kf2 g4 59. h7 g3+ 60. Kg2 Ke3 61. Kg1 Kf3 62. Ra8 Rxh7 63. Ra3+ e3 64. Ra2 Rd7 65. Ra1 e2 66. Ra3+ Kg4 67. Ra1 Rd1+ 68. Kg2 f3# 0-1

[Event "Francophonie-chT Rapid"]
[Site "Tornelo INT"]
[Date "2022.06.04"]
[Round "5.2"]
[White "Ben Ammar, Mohamed"]
[Black "Adly, Ahmed"]
[Result "0-1"]
[WhiteElo "2142"]
[BlackElo "2596"]
[PlyCount "74"]
[EventDate "2022.06.04"]
[EventType "team-swiss (rapid)"]
[EventRounds "11"]
[EventCountry "FRA"]
[SourceTitle "CBM 208 Extra"]
[Source "ChessBase"]
[SourceDate "2022.07.31"]
[SourceVersion "1"]
[SourceVersionDate "2022.07.31"]
[SourceQuality "1"]
[WhiteTeam "Tunisia II"]
[BlackTeam "Egypt"]
[WhiteTeamCountry "TUN"]
[BlackTeamCountry "EGY"]

1. d4 Nf6 2. c4 e6 3. Nc3 Bb4 4. e3 0-0 5. Bd3 c5 6. Nge2 d5 7. 0-0 cxd4 8. exd4 dxc4 9. Bxc4 Nbd7 10. a3 Bd6 11. Bd3 b6 12. Ng3 Bb7 13. f4 Rc8 14. Qe2 Bb8 15. Bd2 Re8 16. Rad1 Nf8 17. Kh1 Ng6 18. Bc1 Nd5 19. Nxd5 Bxd5 20. Be3 Qh4 21. Qf2 f5 22. Ba6 Rc7 23. Rc1 Rxc1 24. Bxc1 Bd6 25. Be3 Re7 26. Ne2 Qh3 27. Bc4 Bxg2+ 28. Qxg2 Qxe3 29. Qa8+ Kf7 30. Ng3 Nh4 31. Rg1 Qxf4 32. Rf1 Qg4 33. Bxe6+ Rxe6 34. Qb7+ Kg6 35. Nxf5 Nxf5 36. Rg1 Ng3+ 37. Rxg3 Bxg3 0-1

[Event "TUN-ch"]
[Site "Hammamet"]
[Date "2022.05.13"]
[Round "9"]
[White "Ben Ghanem, Hamed"]
[Black "Ben Ammar, Mohamed"]
[Result "1/2-1/2"]
[WhiteElo "2144"]
[BlackElo "2125"]
[PlyCount "122"]
[EventDate "2022.05.07"]
[EventType "tourn"]
[EventRounds "11"]
[EventCountry "TUN"]
[SourceTitle "CBM 208 Extra"]
[Source "ChessBase"]
[SourceDate "2022.07.31"]
[SourceVersion "1"]
[SourceVersionDate "2022.07.31"]
[SourceQuality "1"]

1. c4 Nf6 2. d4 g6 3. Nc3 Bg7 4. e4 d6 5. Be2 c5 6. Nf3 0-0 7. 0-0 cxd4 8. Nxd4 Nc6 9. Nc2 Be6 10. Ne3 Rc8 11. Rb1 a6 12. f3 Ne5 13. b3 b5 14. f4 Neg4 15. f5 Nxe3 16. Bxe3 Bd7 17. Bd4 Bc6 18. Nd5 Bxd5 19. exd5 Qa5 20. b4 Qa4 21. Qxa4 bxa4 22. Bxf6 Bxf6 23. Rf3 a5 24. bxa5 Bd4+ 25. Kf1 Ra8 26. Rb5 Rfb8 27. fxg6 hxg6 28. a6 Rb6 29. Rf4 Bc5 30. Rxb6 Bxb6 31. c5 Bxc5 32. Rxa4 Rb8 33. Bc4 Kf8 34. Ra5 Ba7 35. Bb5 Kg7 36. Bc6 Rb2 37. h3 Kf6 38. Ra3 Ke5 39. Bb7 Rf2+ 40. Ke1 Rxg2 41. Rf3 f5 42. a4 Rb2 43. Rg3 Kf6 44. Kd1 g5 45. Kc1 Rb4 46. Bc6 f4 47. Rc3 Ke5 48. Bb5 f3 49. Rxf3 Rf4 50. Rg3 Kxd5 51. Rxg5+ Ke6 52. Rg4 Rxg4 53. hxg4 Ke5 54. Kc2 Kf4 55. Bd7 e5 56. Be6 d5 57. Bxd5 Kxg4 58. Kc3 e4 59. Bc4 Kf4 60. Kb4 Ke5 61. Kb5 Kd6 1/2-1/2

[Event "TUN-ch"]
[Site "Sfax"]
[Date "2022.01.30"]
[Round "10"]
[White "Ben Ammar, Mohamed"]
[Black "Ben Brahem, Aymen"]
[Result "1/2-1/2"]
[WhiteElo "2148"]
[BlackElo "2131"]
[PlyCount "42"]
[EventDate "2022.01.22"]
[EventType "tourn"]
[EventRounds "11"]
[EventCountry "TUN"]
[SourceTitle "CBM 206 Extra"]
[Source "ChessBase"]
[SourceDate "2022.03.31"]
[SourceVersion "1"]
[SourceVersionDate "2022.03.31"]
[SourceQuality "1"]

1. d4 Nf6 2. c4 g6 3. Nc3 d5 4. cxd5 Nxd5 5. e4 Nxc3 6. bxc3 Bg7 7. Nf3 0-0 8. Be2 c5 9. Rb1 cxd4 10. cxd4 Qa5+ 11. Bd2 Qxa2 12. 0-0 Bg4 13. Bg5 h6 14. Be3 Nc6 15. d5 Na5 16. Re1 b6 17. Nd4 Bd7 18. Ra1 Qb2 19. Rb1 Qa2 20. Ra1 Qb2 21. Rb1 Qa2 1/2-1/2

[Event "Sousse BICA op 1st"]
[Site "Sousse"]
[Date "2021.12.27"]
[Round "6"]
[White "David, Alberto"]
[Black "Ben Ammar, Mohamed"]
[Result "1-0"]
[WhiteElo "2552"]
[BlackElo "2148"]
[PlyCount "83"]
[EventDate "2021.12.24"]
[EventType "swiss"]
[EventRounds "9"]
[EventCountry "TUN"]
[SourceTitle "CBM 205 Extra"]
[Source "ChessBase"]
[SourceDate "2022.01.31"]
[SourceVersion "1"]
[SourceVersionDate "2022.01.31"]
[SourceQuality "1"]

1. d4 Nf6 2. c4 g6 3. Nc3 Bg7 4. e4 d6 5. Be2 0-0 6. Be3 e5 7. d5 a5 8. g4 Na6 9. h4 Nd7 10. h5 Ndc5 11. Nh3 f6 12. hxg6 hxg6 13. Kf1 Bd7 14. Kg2 Kf7 15. f4 exf4 16. Nxf4 Rh8 17. Rxh8 Qxh8 18. Qd2 Qe8 19. Bf3 Qe7 20. Rf1 Rh8 21. Bd4 Be8 22. Bd1 Kg8 23. Qe1 g5 24. Nh5 Bxh5 25. gxh5 Nd3 26. Qg3 Nf4+ 27. Kg1 Nc5 28. Bg4 Rh6 29. Be3 Ncd3 30. Bd2 Qe5 31. Qe3 Nxb2 32. Qa7 Nxh5 33. Be6+ Kh7 34. Bf5+ Kg8 35. Rf3 Ng3 36. Qb8+ Bf8 37. Be6+ Kg7 38. Qxc7+ Kh8 39. Qf7 Ne2+ 40. Nxe2 Qh2+ 41. Kf1 Qh1+ 42. Ng1 1-0

[Event "Sousse BICA op 1st"]
[Site "Sousse"]
[Date "2021.12.25"]
[Round "2"]
[White "Yilmaz, Mustafa"]
[Black "Ben Ammar, Mohamed"]
[Result "1-0"]
[WhiteElo "2631"]
[BlackElo "2148"]
[PlyCount "57"]
[EventDate "2021.12.24"]
[EventType "swiss"]
[EventRounds "9"]
[EventCountry "TUN"]
[SourceTitle "CBM 205 Extra"]
[Source "ChessBase"]
[SourceDate "2022.01.31"]
[SourceVersion "1"]
[SourceVersionDate "2022.01.31"]
[SourceQuality "1"]

1. c4 Nf6 2. Nc3 g6 3. e4 d6 4. d4 Bg7 5. Be2 0-0 6. Nf3 c5 7. 0-0 cxd4 8. Nxd4 Nc6 9. Be3 Bd7 10. h3 Nxd4 11. Bxd4 Bc6 12. Qc2 a5 13. Rfd1 Nd7 14. Bxg7 Kxg7 15. Bg4 Nc5 16. e5 f5 17. Be2 f4 18. Nd5 dxe5 19. Qc3 Rf5 20. Bg4 Rg5 21. Nxf4 Qf8 22. Nd5 e6 23. Qe3 h6 24. Nc7 Rc8 25. Nb5 Bxb5 26. cxb5 Qf4 27. Rac1 h5 28. Rxc5 Qxe3 29. Rxc8 1-0

[Event "TUN-ch"]
[Site "Istanbul"]
[Date "2021.04.09"]
[Round "8"]
[White "Ben Ammar, Mohamed"]
[Black "Zaibi, Amir"]
[Result "0-1"]
[WhiteElo "2085"]
[BlackElo "2381"]
[PlyCount "50"]
[EventDate "2021.04.04"]
[EventType "tourn"]
[EventRounds "9"]
[EventCountry "TUR"]
[SourceTitle "CBM 201 Extra"]
[Source "ChessBase"]
[SourceDate "2021.05.31"]
[SourceVersion "1"]
[SourceVersionDate "2021.05.31"]
[SourceQuality "1"]

1. Nf3 c5 2. e4 e6 3. d4 cxd4 4. Nxd4 a6 5. Nc3 Qc7 6. g3 Bb4 7. Nde2 Be7 8. Bg2 Nc6 9. 0-0 d6 10. Nf4 Nf6 11. g4 h6 12. Re1 b5 13. a3 Bb7 14. Nd3 Ne5 15. h3 g5 16. f4 gxf4 17. Bxf4 Nfd7 18. Ne2 h5 19. gxh5 Rxh5 20. Ng3 Rh4 21. Nh5 Nxd3 22. Ng7+ Kf8 23. Qxd3 Rxf4 24. Qg3 Qc5+ 25. Kh1 Qg5 0-1

[Event "Bouhjar BICA Blitz op 03"]
[Site "Bouhjar"]
[Date "2021.03.28"]
[Round "7"]
[White "Bourkhis, Adnane"]
[Black "Ben Ammar, Mohamed"]
[Result "0-1"]
[WhiteElo "2005"]
[BlackElo "1814"]
[PlyCount "30"]
[EventDate "2021.03.28"]
[EventType "swiss (blitz)"]
[EventRounds "9"]
[EventCountry "TUN"]
[SourceTitle "CBM 202 Extra"]
[Source "ChessBase"]
[SourceDate "2021.07.31"]
[SourceVersion "1"]
[SourceVersionDate "2021.07.31"]
[SourceQuality "1"]

1. e4 e5 2. Nf3 Nc6 3. d3 Nf6 4. g3 d5 5. Nbd2 dxe4 6. dxe4 Bc5 7. Bg2 0-0 8. 0-0 h6 9. c3 Qd3 10. h3 Be6 11. Re1 Rad8 12. Qe2 Qd7 13. Kh2 a5 14. Nh4 Ne7 15. Nf1 Ng6 0-1

[Event "Bouhjar BICA Blitz op 03"]
[Site "Bouhjar"]
[Date "2021.03.28"]
[Round "4"]
[White "Kaabi, Iheb"]
[Black "Ben Ammar, Mohamed"]
[Result "0-1"]
[WhiteElo "1991"]
[BlackElo "1814"]
[PlyCount "27"]
[EventDate "2021.03.28"]
[EventType "swiss (blitz)"]
[EventRounds "9"]
[EventCountry "TUN"]
[SourceTitle "CBM 202 Extra"]
[Source "ChessBase"]
[SourceDate "2021.07.31"]
[SourceVersion "1"]
[SourceVersionDate "2021.07.31"]
[SourceQuality "1"]

1. e4 e5 2. Nf3 Nc6 3. d4 exd4 4. Nxd4 Qf6 5. Nf3 Bb4+ 6. c3 Bc5 7. Bc4 Nge7 8. 0-0 d6 9. Be3 Bxe3 10. fxe3 Qh6 11. Qe1 0-0 12. Nd4 Ne5 13. Bb3 Ng4 14. h3 0-1

[Event "Bouhjar BICA Blitz op 03"]
[Site "Bouhjar"]
[Date "2021.03.28"]
[Round "8"]
[White "Mabrouk, Fathi Ben Salah"]
[Black "Ben Ammar, Mohamed"]
[Result "0-1"]
[WhiteElo "2086"]
[BlackElo "1814"]
[PlyCount "36"]
[EventDate "2021.03.28"]
[EventType "swiss (blitz)"]
[EventRounds "9"]
[EventCountry "TUN"]
[SourceTitle "CBM 202 Extra"]
[Source "ChessBase"]
[SourceDate "2021.07.31"]
[SourceVersion "1"]
[SourceVersionDate "2021.07.31"]
[SourceQuality "1"]

1. d4 Nf6 2. Nf3 g6 3. g3 Bg7 4. Bg2 0-0 5. 0-0 d6 6. c4 Nc6 7. Nc3 a6 8. b3 Rb8 9. Nd5 e6 10. Nxf6+ Bxf6 11. Bb2 b5 12. cxb5 axb5 13. Rc1 Na5 14. Qd2 b4 15. Rfd1 Ba6 16. e4 Bg7 17. Ne1 Qe7 18. f4 Rfd8 0-1

[Event "Sousse Sahel op"]
[Site "Sousse"]
[Date "2019.04.23"]
[Round "7"]
[White "Ben Houichi, Lotfi"]
[Black "Ben Ammar, Mohamed"]
[Result "0-1"]
[WhiteElo "1908"]
[BlackElo "2077"]
[PlyCount "118"]
[EventDate "2019.04.19"]
[EventType "swiss"]
[EventRounds "9"]
[EventCountry "TUN"]
[SourceTitle "CBM 190 Extra"]
[Source "ChessBase"]
[SourceDate "2019.07.15"]
[SourceVersion "1"]
[SourceVersionDate "2019.07.15"]
[SourceQuality "1"]

1. Nf3 Nf6 2. b3 g6 3. c4 Bg7 4. Bb2 d6 5. e3 Nbd7 6. d4 0-0 7. Be2 e5 8. Qc2 Re8 9. 0-0 e4 10. Nfd2 Nf8 11. b4 Bf5 12. Nb3 Ne6 13. Nc3 Ng5 14. Qd1 h5 15. Bc1 Ng4 16. a4 Nh7 17. h3 Qh4 18. f4 exf3 19. Rxf3 Ng5 20. hxg4 Nxf3+ 21. gxf3 Qg3+ 22. Kf1 hxg4 23. fxg4 Bd7 24. Nd5 f5 25. g5 f4 26. Nxf4 Rf8 27. Bf3 Rxf4 28. exf4 Re8 29. Ra2 Bh3+ 30. Rg2 Re1+ 31. Qxe1 Qxf3+ 32. Qf2 Qd1+ 33. Qe1 Bxg2+ 34. Kf2 Qf3+ 35. Kg1 Bh3 36. Qd2 Qxb3 37. Qe3 Qxe3+ 38. Bxe3 Bd7 39. b5 a6 40. Kf2 axb5 41. cxb5 Be6 42. a5 Bc4 43. b6 c6 44. Kg3 Kf7 45. Kg4 Be2+ 46. Kg3 Ke6 47. Kf2 Bc4 48. Kf3 Kd5 49. f5 gxf5 50. Kf4 Ke6 51. d5+ Bxd5 52. Kg3 Bc4 53. Kh4 Kf7 54. Kh5 Be2+ 55. Kh4 Bc3 56. a6 Bxa6 57. Kh5 Be2+ 58. Kh6 Bg7+ 59. Kh7 Bh5 0-1